[Event "Tuapse op"]
[Site "Tuapse"]
[Date "2021.07.02"]
[Round "6"]
[White "Zhapova, Yana"]
[Black "Krapchetov, Nikolay"]
[Result "1-0"]
[WhiteElo "2149"]
[BlackElo "1810"]
[PlyCount "119"]
[EventDate "2021.06.27"]
[EventType "swiss"]
[EventRounds "9"]
[EventCountry "RUS"]
[SourceTitle "CBM 203 Extra"]
[Source "ChessBase"]
[SourceDate "2021.09.30"]
[SourceVersion "1"]
[SourceVersionDate "2021.09.30"]
[SourceQuality "1"]

1. e4 c5 2. Nf3 Nc6 3. d4 cxd4 4. Nxd4 Nf6 5. Nc3 e6 6. Ndb5 Bc5 7. Bf4 0-0 8. Bc7 Qe7 9. Bd6 Bxd6 10. Nxd6 Nb4 11. Rc1 Ne8 12. Nxc8 Rxc8 13. Be2 Nc7 14. 0-0 Rfd8 15. Qd4 Nc6 16. Qe3 d6 17. Rcd1 a6 18. Rfe1 b5 19. a3 Na5 20. Qb6 Nc4 21. Bxc4 bxc4 22. Rd4 Rb8 23. Qc6 Rxb2 24. Rxc4 Nb5 25. Qxa6 Nxc3 26. Rxc3 h6 27. Qd3 Qa7 28. h3 Qa5 29. Rd1 Ra8 30. Qc4 Qe5 31. Rcd3 Kh7 32. Rg3 Rab8 33. Qd3 Rb1 34. Re3 Rxd1+ 35. Qxd1 Rc8 36. Qd3 Kg8 37. g3 Qb2 38. c4 Qc1+ 39. Kg2 Qxc4 40. Qxd6 Ra8 41. Qb4 Qc6 42. Rc3 Qd7 43. Qb6 e5 44. Rc7 Qd4 45. Qb7 Rf8 46. Qc6 Kh7 47. a4 f5 48. Qb7 Qxe4+ 49. Qxe4 fxe4 50. a5 Ra8 51. Rc5 Kg6 52. Rxe5 Kf6 53. Rb5 g5 54. Kf1 Ke6 55. Ke2 Kd6 56. Ke3 Rf8 57. Rb2 Kd5 58. Ra2 Kc4 59. a6 Kb3 60. Ra1 1-0